| 000 | 00621nam a2200205 i 4500 | ||
|---|---|---|---|
| 001 | 82163 | ||
| 003 | ES-MaACL | ||
| 005 | 20250831023856.0 | ||
| 007 | t| | ||
| 008 | 041126s1989 sp ||||1| spa d | ||
| 020 | _a84-86879-20-5 | ||
| 080 | _a27 | ||
| 100 | 1 |
_aPuente Ojea, Gonzalo. _994161 |
|
| 245 | 1 | 0 |
_aImperium crucis _b: consideraciones sobre la vocación de poder en la Iglesia Católica / _cGonzalo de la Puente Ojea. |
| 260 |
_aMadrid : _bKaydeda, _c1989. |
||
| 300 |
_a136 p. ; _c21 cm. |
||
| 650 | 1 | 7 |
_aIglesia y Estado _2embne _913554 |
| 852 |
_aES-MaACL _jE-10513 _bR.134629 |
||
| 999 |
_c82163 _d82163 |
||